| 000 | 00443nam a22001577a 4500 | ||
|---|---|---|---|
| 003 | LK-CoMWRAF | ||
| 005 | 20240701183227.0 | ||
| 008 | 240701b1995 |||||||| |||| 00| 0 eng d | ||
| 040 |
_aLK-CoMWRAF _dLK-CoMWRAF _eLK-CoMWRAF |
||
| 041 | _aeng | ||
| 082 | _bGHA | ||
| 100 | _aGhai, Yash | ||
| 245 | _adecentralisation and the accommodation of ethnic diversity | ||
| 260 |
_aColombo: _bInternational Centre for Ethnic Studies, _c1995 |
||
| 942 | _cBK | ||
| 999 |
_c4966 _d4966 |
||